00778nam a22002292a 450000100060000000300080000600500170001400800410003103500510007204000420012304100080016508200180017310000290019124501150022026000350033530000200037050000390039050000580042950400200048765000240050765000170053128403BD-RjUL20211209051258.0160720s1962 xx 001 0 eng u aOCLC ocm03077129 from D950622Ma(BD-RjUL)28484 aKEUdOCLdEISdUKMdEQObengcBD-RjUL aeng a190bDUO 19621 aDurant, Will.d1885-198110aOutlines of philosophy :bPlato to Russell. /cBy Will Durant. Previously published as The story of philosophy aLondon :bErnest Benn,cc1962. a471 p. ;c21 cm aReprint of the London ed.rev. 1947 aPrevious editions have title: The story of philosophy aIncludes Index. 0aPhilosophyxHistory 0aPhilosophers